Dutch overseas territories quiz - Statistics

General Stats
  • This quiz has been taken 398 times
  • The average score is 4 of 6
Answer Stats
Answer % Correct
Aruba
95%
Curacao
90%
Bonaire
75%
Sint Maarten
71%
Saba
59%
Sint Eustatius
52%
No matching quizzes found
Score Distribution
Percent of People with Each Score
Percentile by Number Answered
Your Score History
You have not taken this quiz